Guys of One Life to Live Then and Now Quiz Stats

Quiz not verified by Sporcle

Challenge
Share
Tweet
Embed
Score 0/37 Timer 15:00
0 Plays Today
Character % Correct
Todd Manning
93.9%
Bo Buchanan
93.9%
Clint Buchanan
92.7%
John McBain
86.1%
Rex Balsom
77.6%
Asa Buchanan
76.4%
Jack Manning
69.1%
Matthew Buchanan
68.5%
Robert Ford
66.7%
Joey Buchanan
66.1%
David Vickers
65.5%
Kevin Buchanan
64.8%
James Ford
63.6%
Victor Lord
60.6%
Cole Thornhart
60.6%
Antonio Vega
55.8%
Brody Lovett
55.2%
Shane Morasco
49.1%
Jared Banks
47.3%
Character % Correct
Sam Manning
46.1%
Cristian Vega
45.5%
Charlie Banks
45.5%
Nate Salinger
42.4%
Nash Brennan
41.8%
Michael McBain
37%
Tomas Delgado
33.9%
Oliver Fish
30.3%
Mitch Laurence
29.7%
Cutter Wentworth
26.7%
RJ Gannon
26.7%
Eddie Ford
25.5%
Shaun Evans
21.2%
Markko Rivera
20.6%
Ross Rayburn
12.7%
Eli Clarke
12.1%
Spencer Truman
10.9%
Miles Laurence
9.1%

You're not logged in!

Compare scores with friends on all Sporcle quizzes.
Sign Up with Email
OR
Log In

You Might Also Like...

Show Comments

Extras

Top Quizzes Today


Score Distribution

Your Account Isn't Verified!

In order to create a playlist on Sporcle, you need to verify the email address you used during registration. Go to your Sporcle Settings to finish the process.